01283cam a2200325 a 45000010008000000030004000080050017000120080041000290100017000700200027000870200033001140400018001470420009001650500023001740820021001971000029002182450038002472500027002852600103003123000042004154400023004575000062004805040060005425200182006026000054007846000033008386500048008716500016009196500022009351055011OSt20190212160443.0900913r19911987nyua jdb 001 0beng  a 90049175  a1559050780 (lg. print) a1559051000 (lg. print : set) aDLCcDLCdDLC alcac10aTL540.E3bR36 199000a973.4220bN787l1 aNolan, Jeannette Covert.10aLaSalle and the Grand Enterprise/ aMarshall Cavendish ed. aNorth Bellmore, N.Y. :bMarshall Cavendish Corp. ;aLakeville, Conn. :bGrey Castle Press,cc1991. a173p. (large print) :bill. ;c24 cm. 0aAmerican cavalcade aReprint. Originally published: New York : F. Watts, 1987. aIncludes bibliographical references (p. 157) and index. aThe life and career of the famous aviator, from her girlhood in Kansas, through her successes breaking aviation records and her increasing fame, to her mysterious disappearance.10aEarhart, Amelia,d1897-1937xJuvenile literature.11aEarhart, Amelia,d1897-1937. 0aAir pilotsxBiographyxJuvenile literature. 1aAir pilots. 1aWomenxBiography.